000 00958cam a2200229 4500
001 WB3906-03
008 030211n2003 000 0 eng u
035 _a(Sirsi) u121325
245 _aBig drop in UK shop unit demand
260 _c2003
490 _aRetail Property
_v 7 February 2003, 31(1)
520 _aDemand for shop units in the UK dropped dramatically in 2002, according to research from the Property Information Project (PIP). In the three months to December, demand for retail floorspace fell 5.8%, on top of a 10.4% drop in the previous quarter. The total reduction of space in demand was 27.5% during last year. The "Current shop demand" report is available from the PIP website http://www.thepip.com/.
590 _aWB
650 _aSHOP UNITS
650 _aFLOORSPACE
650 _aUNITED KINGDOM
650 _aDEMAND
650 _aRETAILERS
650 _aRENTAL GROWTH
690 _aPROPERTY-COMMERCIAL PROPERTY
942 _n0
999 _c72095
_d72095